00601cam a22001817a 450000500170000000800410001701000100005801100100006803500110007808200180008910000280010724500850013526000420022030000320026250000720029465000290036670000240039520220329143028.0050909d2002 mexa r 00010 spa d a90903 a91875 a102438 a621bS4Y 200200aShigley, Joseph Edward.10aDiseño en ingeniería mecánicac/por Joseph E. Shigley y Charles R. Mischke aMéxico, D.F. :bMcGraw-Hill,c2002. a1257 p.b: ilus. ; gráfs. aTrad. de : Mechanical engineering design, 6ed. en inglés de 2001.14aIngeniería mecánica.0 aMischke, Charles R.